000 00848nam a2200193 i 4500
001 110117
003 ES-MaACL
005 20250808084933.0
007 t|
008 061121m19821989sp r ||||1| spa d
100 1 _aO'Callaghan Muñoz, Xavier.
_986296
245 1 0 _aCompendio de derecho civil /
_cXavier O'Callaghan Muñoz.
260 _aMadrid :
_bRevista de Derecho Privado,
_c1982-1989.
300 _a6 v. ;
_c22 cm.
505 8 _aContiene: T.I. Parte general -- T.II Derecho de obligaciones (2 vols.: 1º: Teoría general de la obligación, del contrato y del acto ilícito - 2º: Contratos en particular) -- T. III. Derechos reales e hipotecarios -- T. IV. Derecho de familia -- T. V. Derecho de sucesiones
650 0 4 _aDerecho civil-
_zEspaña
_911659
852 _aES-MaACL
_jL-14590-5
_bR.108199
999 _c110117
_d110117